| 000 | 01727nam a22002657a 4500 | ||
|---|---|---|---|
| 999 |
_c61259 _d61259 |
||
| 003 | Ge_BSU | ||
| 005 | 20240116121139.0 | ||
| 008 | 240116s2023 ge ||||| |||| 00| 0 geo d | ||
| 020 | _a9789941289729 | ||
| 041 | _ageo | ||
| 080 | _a26 + 27 + 338.22 ჯ-71 | ||
| 100 |
_aჯორბენაძე, ზურაბ _921044 |
||
| 245 |
_aბიზნესის რელიგიური ასპექტები: _bიუდაიზმი და მართლმადიდებელი ქრისტიანობა : [მონოგრაფია] / _cზურაბ ჯორბენაძე ; რედაქტორი ბ. ცხადაძე ; საქართველოს ტექნიკური უნივერსიტეტი. |
||
| 250 | _aმე-2 გადამუშავებული გამოცემა. | ||
| 264 |
_aთბილისი : _bტექნიკური უნივერსიტეტი, _c2023. |
||
| 300 |
_a200 გვ. ; _b21 სმ. |
||
| 500 | _aეძღვნება საქართველოს ტექნიკური უნივერსიტეტის დაარსების 100 წლისთავს. | ||
| 504 | _aბიბლიოგრაფია: გვ. 198. | ||
| 653 | _aიუდაიზმი | ||
| 653 | _aმართლმადიდებელი ქრისტიანობა | ||
| 653 | _aბისნესი და რელიგია | ||
| 700 |
_aცხადაძე, ბ. _eრედაქტორი _96516 |
||
| 710 |
_aსაქართველოს ტექნიკური უნივერსიტეტი _921045 |
||
| 942 |
_2udc _cᲬᲘᲒᲜᲘ |
||